<?xml version="1.0" encoding="UTF-8"?>
<collection xmlns="http://www.loc.gov/MARC21/slim">
<record>
  <controlfield tag="001">121160</controlfield>
  <controlfield tag="005">20230914083615.0</controlfield>
  <datafield tag="024" ind1="7" ind2=" ">
    <subfield code="2">doi</subfield>
    <subfield code="a">10.3989/asclepio.2022.21</subfield>
  </datafield>
  <datafield tag="024" ind1="8" ind2=" ">
    <subfield code="2">sideral</subfield>
    <subfield code="a">131631</subfield>
  </datafield>
  <datafield tag="037" ind1=" " ind2=" ">
    <subfield code="a">ART-2022-131631</subfield>
  </datafield>
  <datafield tag="041" ind1=" " ind2=" ">
    <subfield code="a">spa</subfield>
  </datafield>
  <datafield tag="100" ind1=" " ind2=" ">
    <subfield code="a">Ausejo, Elena</subfield>
    <subfield code="u">Universidad de Zaragoza</subfield>
    <subfield code="0">(orcid)0000-0003-3539-2457</subfield>
  </datafield>
  <datafield tag="245" ind1=" " ind2=" ">
    <subfield code="a">Euclides en la práctica: un tratado sobre el fundamento y la construcción de pantómetras en el siglo XVII español</subfield>
  </datafield>
  <datafield tag="260" ind1=" " ind2=" ">
    <subfield code="c">2022</subfield>
  </datafield>
  <datafield tag="506" ind1="0" ind2=" ">
    <subfield code="a">Access copy available to the general public</subfield>
    <subfield code="f">Unrestricted</subfield>
  </datafield>
  <datafield tag="520" ind1="3" ind2=" ">
    <subfield code="a">Apenas iniciado el siglo XVII, un matemático de la solvencia, consideración y difusión del jesuita Christoph Clavius (1537-1612) comenzó su Geometria practica (Maguncia, 1606) con dos capítulos dedicados a la construcción y uso de dos instrumentos matemáticos. Quedó así incorporado al acervo matemático académico, además del cuadrante común, un instrumento para dividir fácilmente cualquier recta en cualquier número de partes iguales o proporcionales que denominó Instrumentum Partium -posteriormente pantómetra-. Este trabajo aborda un inédito manuscrito anónimo español del siglo XVII sobre construcción de pantómetras, probablemente de uso docente, desde el punto de vista de su contribución al desarrollo de la aritmetización de la geometría mediante la consideración numérica de las magnitudes continuas en términos de cantidad. El texto fundamenta la operatividad instrumental de las pantómetras -superior al cálculo aritmético en cuanto a economía de tiempo y errores- en el rigor geométrico clásico de los Elementos de Euclides, especialmente el libro VI. No obstante, aborda el problema de la inconmensurabilidad desde un punto de vista práctico, en términos de aproximaciones con un margen de error sensorialmente imperceptible e irrelevante a efectos de aplicación práctica.</subfield>
  </datafield>
  <datafield tag="536" ind1=" " ind2=" ">
    <subfield code="9">info:eu-repo/grantAgreement/ES/DGA/H20-17R</subfield>
    <subfield code="9">info:eu-repo/grantAgreement/ES/MINECO-FEDER/HAR2015-70985-P</subfield>
  </datafield>
  <datafield tag="540" ind1=" " ind2=" ">
    <subfield code="9">info:eu-repo/semantics/openAccess</subfield>
    <subfield code="a">by</subfield>
    <subfield code="u">http://creativecommons.org/licenses/by/3.0/es/</subfield>
  </datafield>
  <datafield tag="592" ind1=" " ind2=" ">
    <subfield code="a">0.18</subfield>
    <subfield code="b">2022</subfield>
  </datafield>
  <datafield tag="593" ind1=" " ind2=" ">
    <subfield code="a">History and Philosophy of Science</subfield>
    <subfield code="c">2022</subfield>
    <subfield code="d">Q3</subfield>
  </datafield>
  <datafield tag="594" ind1=" " ind2=" ">
    <subfield code="a">0.5</subfield>
    <subfield code="b">2022</subfield>
  </datafield>
  <datafield tag="655" ind1=" " ind2="4">
    <subfield code="a">info:eu-repo/semantics/article</subfield>
    <subfield code="v">info:eu-repo/semantics/publishedVersion</subfield>
  </datafield>
  <datafield tag="710" ind1="2" ind2=" ">
    <subfield code="1">9999</subfield>
    <subfield code="2">998</subfield>
    <subfield code="a">Universidad de Zaragoza</subfield>
    <subfield code="b">Dpto. Genérico</subfield>
    <subfield code="c">Área Historia de la Ciencia</subfield>
  </datafield>
  <datafield tag="773" ind1=" " ind2=" ">
    <subfield code="g">74, 2 (2022), [13 pp.]</subfield>
    <subfield code="p">Asclepio</subfield>
    <subfield code="t">Asclepio</subfield>
    <subfield code="x">0210-4466</subfield>
  </datafield>
  <datafield tag="856" ind1="4" ind2=" ">
    <subfield code="s">673750</subfield>
    <subfield code="u">http://zaguan.unizar.es/record/121160/files/texto_completo.pdf</subfield>
    <subfield code="y">Versión publicada</subfield>
  </datafield>
  <datafield tag="856" ind1="4" ind2=" ">
    <subfield code="s">1925462</subfield>
    <subfield code="u">http://zaguan.unizar.es/record/121160/files/texto_completo.jpg?subformat=icon</subfield>
    <subfield code="x">icon</subfield>
    <subfield code="y">Versión publicada</subfield>
  </datafield>
  <datafield tag="909" ind1="C" ind2="O">
    <subfield code="o">oai:zaguan.unizar.es:121160</subfield>
    <subfield code="p">articulos</subfield>
    <subfield code="p">driver</subfield>
  </datafield>
  <datafield tag="951" ind1=" " ind2=" ">
    <subfield code="a">2023-09-13-13:49:38</subfield>
  </datafield>
  <datafield tag="980" ind1=" " ind2=" ">
    <subfield code="a">ARTICLE</subfield>
  </datafield>
</record>
</collection>